Činnosť Fondu národného majetku SR v roku 1995

Správa o činnosti FNM SR za rok 1995. Realizácia rozhodnutí, správa majetku, peňažné príjmy a výdavky fondu. Tabuľky: priame predaje schválené Prezídiom FNM SR, zmluvy realizované fondom, akciové spoločnosti založené fondom, neplatiaci nadobúdatelia, verejné súťaže uzavreté fondom.

Saved in:
Bibliographic Details
Format: Book Chapter
Language:Slovak
Subjects:
Tags: Add Tag
No Tags, Be the first to tag this record!

MARC

LEADER 00000naa a2200000 4500
001 r020439
005 20230921074242.0
041 0 |a slo 
044 |a SK 
245 1 0 |a Činnosť Fondu národného majetku SR v roku 1995 
520 |a Správa o činnosti FNM SR za rok 1995. Realizácia rozhodnutí, správa majetku, peňažné príjmy a výdavky fondu. Tabuľky: priame predaje schválené Prezídiom FNM SR, zmluvy realizované fondom, akciové spoločnosti založené fondom, neplatiaci nadobúdatelia, verejné súťaže uzavreté fondom. 
610 2 0 |a Slovensko 
610 2 0 |a investície 
610 2 0 |a privatizácia 
610 2 0 |a FNM SR Bratislava 
610 2 0 |a 1995 
610 2 0 |a súťaž verejná 
610 2 0 |a spoločnosti akciové 
610 2 0 |a akcie 
610 2 0 |a predaj priamy 
610 2 0 |a údaje štatistické